| 000 | 00794nam a2200241 a 4500 | ||
|---|---|---|---|
| 001 | 53864 | ||
| 003 | BD-RjUL | ||
| 005 | 20211209080031.0 | ||
| 008 | 161027s1980 bg ||||| |||| 00| 0 ben d | ||
| 020 | _c: TK 56.00 | ||
| 035 | _a(BD-RjUL)53986 | ||
| 040 |
_aBD-RjUL _bben _cBD-RjUL |
||
| 041 | _aben | ||
| 082 |
_223 _a582.16 _bSHS 1980 |
||
| 100 |
_aশর্মা, দ্বিজেন _9160895 |
||
| 245 | 1 | 0 |
_aশ্যামলী নিসর্গ / _cদ্বিজেন শর্মা |
| 250 | _a১ম সং. | ||
| 260 |
_aঢাকা : _bবাংলা একাডেমী, _c১৯৮০ |
||
| 300 |
_a[৪০], ২৫০ পৃ. : _bচিত্র ; _c২৩ সেমি. |
||
| 650 |
_aTrees _9160896 |
||
| 650 |
_aগাছ _9157976 |
||
| 942 |
_2ddc _cBK |
||
| 999 |
_c53864 _d53864 |
||